000 00292nam a22001337a 4500
008 170725b xxu||||| |||| 00| 0 eng d
020 _a0948507144
041 _aeng
080 _a004
100 _a29
101 _aSHK
245 _aSIMULATION IN MANUFACTURING
_cLENZ,J,E
942 _2udc
_cBK
999 _c21874
_d21874